General principles of Malaysian law
| Main Author: | |
|---|---|
| Format: | Book |
| Language: | English |
| Published: |
Selangor :
Fajar Bakti ,
1994
|
| Edition: | 2nd ed. |
| Subjects: |
MARC
| LEADER | 00000cam a2200000 7i4500 | ||
|---|---|---|---|
| 001 | 0000024542 | ||
| 005 | 20120925.0 | ||
| 008 | 120925s my # eng | ||
| 020 | |a 9676524603 | ||
| 040 | |a INS | ||
| 090 | 0 | 0 | |a KPG440 |b L44 1994 |
| 100 | 1 | |a Lee Mei Pheng | |
| 245 | 1 | 0 | |a General principles of Malaysian law |c Lee Mei Pheng |
| 250 | |a 2nd ed. | ||
| 260 | |a Selangor : |b Fajar Bakti , |c 1994 | ||
| 300 | |a xxxi, 552 p. ; |c 23 cm. | ||
| 500 | |a Includes index | ||
| 650 | 0 | 0 | |a Banking law |z Malaysia |
| 650 | 0 | 0 | |a Law |x Malaysia |y Legislation |z Malaysia |
| 999 | |a 1000000687 |b BOOK |c Open Shelf |e Default branch | ||